LEADER 01127nam0 22002891i 450 001 UON00516300 005 20231205105523.261 100 $a20230726d1983 |0itac50 ba 101 $aita 102 $aIT 105 $a|||| ||||| 200 1 $aCrepuscolo$fStephan Hermlin 210 $aMilano$cFeltrinelli$d1983 215 $a129 p.$d22 cm 410 1$1001UON00476284$12001 $aˆI ‰Narratori di Feltrinelli$ecollana di grandi autori moderni di tutto il mondo$1210 $aMilano$cG. Feltrinelli$v285 606 $aNARRATIVA TEDESCA$3UONC084005$2FI 620 $aIT$dMilano$3UONL000005 676 $a833.9$cNarrativa tedesca, 1900-$v21 700 1$aHERMLIN$bStephan$3UONV192849$0221397 702 1$aROLI$bMaria Luisa$3UONV291514$4730 712 $aFeltrinelli$3UONV246160$4650 801 $aIT$bSOL$c20240220$gRICA 899 $aSIBA - SISTEMA BIBLIOTECARIO DI ATENEO$2UONSI 912 $aUON00516300 950 $aSIBA - SISTEMA BIBLIOTECARIO DI ATENEO$dSI F. Goethe 830 HER 2793 $eSI 44505 5 2793 996 $aCrepuscolo$93903688 997 $aUNIOR